Small miracles : (Record no. 1204)

MARC details
000 -LEADER
fixed length control field 00724pam a2200241 a 4500
005 - DATE AND TIME OF LATEST TRANSACTION
control field 20260322212051.0
008 - FIXED-LENGTH DATA ELEMENTS--GENERAL INFORMATION
fixed length control field data
010 ## - LIBRARY OF CONGRESS CONTROL NUMBER
LC control number 96043249
020 ## - INTERNATIONAL STANDARD BOOK NUMBER
International Standard Book Number 1558506462 (pbk.)
020 ## - INTERNATIONAL STANDARD BOOK NUMBER
International Standard Book Number 9781558506466 (pbk.)
040 ## - CATALOGING SOURCE
Original cataloging agency DLC
Transcribing agency DLC
Modifying agency DLC
050 00 - LIBRARY OF CONGRESS CALL NUMBER
Classification number BF1175
Item number .M36 1997
082 00 - DEWEY DECIMAL CLASSIFICATION NUMBER
Classification number 133.8
Edition information 20
099 ## - LOCAL FREE-TEXT CALL NUMBER (OCLC)
Classification number 133.8 M36 1997
001 - CONTROL NUMBER
control field data
100 1# - MAIN ENTRY--PERSONAL NAME
Personal name Mandelbaum, Yitta Halberstam.
245 10 - TITLE STATEMENT
Title Small miracles :
Remainder of title extraordinary coincidences from everyday life /
Statement of responsibility, etc. Yitta Halberstam Mandelbaum & Judith Leventhal.
260 ## - PUBLICATION, DISTRIBUTION, ETC.
Place of publication, distribution, etc. Holbrook, Mass. :
Name of publisher, distributor, etc. Adams Media Corp.,
Date of publication, distribution, etc. c1997.
300 ## - PHYSICAL DESCRIPTION
Extent xiii, 226 p. ;
Dimensions 19 cm.
650 #0 - SUBJECT ADDED ENTRY--TOPICAL TERM
Topical term or geographic name entry element Coincidence
General subdivision Psychic aspects.
700 1# - ADDED ENTRY--PERSONAL NAME
Personal name Leventhal, Judith,
Dates associated with a name 1958-
Holdings
Withdrawn status Lost status Damaged status Not for loan Home library Current library Shelving location Date acquired Total checkouts Full call number Barcode Date last seen Price effective from Koha item type
        Centerville Centerville General stacks 22/03/2026   133.8 20 BC0011243 22/03/2026 22/03/2026 Books